000 00472nam a2200145 4500
999 _c11538
_d11538
008 181210b ||||| |||| 00| 0 eng d
022 _a 2094-8042
082 _aDPer 050 T48 Apr-June 2016 v. 187 n. 12-24
100 _933095
_aDaniels, Lee
245 _aTaraji P. Henson:
_bthe modern bette Davis/
_cLee Daniels.
260 _aHong Kong:
_bTime Asia,
_cc2016.
300 _av187 n16-17, page 60:
_billustrations;
_c27 cm.
650 0 _933096
_aActresses.
942 _2ddc
_cPER